000 00689nam a22001937a 4500
999 _c189362
_d189362
005 20220624122102.0
010 _aENG-133369
020 _a9789393330185
_c350.00
035 _aEN-116901
037 _bDBAD/PUB
082 _a512.482
100 _aPollatsek, Harriet
245 _aLie groups A problems oriwented introduction via matrix groups/
_cHarriet pollatsek
260 _aHyderabad
_bUniversities press (India) Private Limited
270 _bHyderabad
_a3-6-747/1/A &3- 6- 754/ 1Himayatnagar , Telangana , India
_e500029
_minfo@universitiespress.com;
300 _a173,p
_c24cm(pbk)
_bIndex
700 _aPollatsek , Harriet
942 _2ddc
_cEN
_h512.482
_mPOL